Micro : (Record no. 352459)
[ view plain ]
| 000 -LEADER | |
|---|---|
| fixed length control field | 01535 a2200241 4500 |
| 003 - CONTROL NUMBER IDENTIFIER | |
| control field | OSt |
| 005 - DATE AND TIME OF LATEST TRANSACTION | |
| control field | 20180116192335.0 |
| 008 - FIXED-LENGTH DATA ELEMENTS--GENERAL INFORMATION | |
| fixed length control field | 120308t xxu||||| |||| 00| 0 eng d |
| 020 ## - INTERNATIONAL STANDARD BOOK NUMBER | |
| International Standard Book Number | 1856695948 (paperback) |
| 020 ## - INTERNATIONAL STANDARD BOOK NUMBER | |
| International Standard Book Number | 9781856695947 (paperback) |
| 040 ## - CATALOGING SOURCE | |
| Transcribing agency | 0 |
| 082 04 - DEWEY DECIMAL CLASSIFICATION NUMBER | |
| Classification number | 720.4 |
| 100 1# - MAIN ENTRY--PERSONAL NAME | |
| Personal name | Slavid, Ruth. |
| 9 (RLIN) | 616 |
| 245 10 - TITLE STATEMENT | |
| Title | Micro : |
| Remainder of title | very small buildings / |
| Statement of responsibility, etc. | Ruth Slavid. |
| 260 ## - PUBLICATION, DISTRIBUTION, ETC. | |
| Place of publication, distribution, etc. | London: |
| Name of publisher, distributor, etc. | Laurence King Publishers, |
| Date of publication, distribution, etc. | 2009. |
| 300 ## - PHYSICAL DESCRIPTION | |
| Extent | 224 p. : |
| Other physical details | ill;. |
| Dimensions | 22 cm. |
| 500 ## - GENERAL NOTE | |
| General note | Includes index |
| 520 ## - SUMMARY, ETC. | |
| Summary, etc. | Very small buildings have a special appeal, and the constraints of space and cost can actually liberate the imagination. Most of the projects in this book consist of no more than a few key spaces, in many cases just a single space. They are united only by their compact nature, the pleasure that they can provide and the intelligence that they embody. A brief introduction is followed by five thematic chapters: Public Realm, Community Spaces, On the Move, Compact Living and Extra Space. The 53 case studies include a park bench that transforms into a shelter for the homeless in Australia, an inflatable treetop structure for rainforest observation, a portable house for victims of hurricane Katrina, a transportable church in Finland, and a suspended office in France. |
| 650 ## - SUBJECT ADDED ENTRY--TOPICAL TERM | |
| Topical term or geographic name entry element | Small buildings |
| 9 (RLIN) | 617 |
| 856 40 - ELECTRONIC LOCATION AND ACCESS | |
| Materials specified | Amazon.com |
| Uniform Resource Identifier | <a href="http://www.amazon.com/exec/obidos/ASIN/1856695948/chopaconline-20">http://www.amazon.com/exec/obidos/ASIN/1856695948/chopaconline-20</a> |
| 942 ## - ADDED ENTRY ELEMENTS (KOHA) | |
| Institution code [OBSOLETE] | SADA |
| Koha item type | Book |
| Call number prefix | 720.4 SLA 2009 |
| Source of classification or shelving scheme | |
| Withdrawn status | Lost status | Source of classification or shelving scheme | Damaged status | Not for loan | Permanent Location | Current Location | Date acquired | Total Checkouts | Total Renewals | Full call number | Barcode | Date last seen | Date last checked out | Cost, replacement price | Price effective from | Koha item type |
|---|---|---|---|---|---|---|---|---|---|---|---|---|---|---|---|---|
| School of Art Design and Architecture (SADA) | School of Art Design and Architecture (SADA) | 09/29/2010 | 11 | 7 | 720.4 SLA 2009 | SADA0000264 | 05/02/2024 | 08/04/2016 | 1815.00 | 08/05/2011 | Book |
